000
00408nam a2200133Ia 4500
008
151001s9999||||xx |||||||||||||| ||und||
100
_a
शिवाजीराव बागल
245
_a
गावशिवारातील माणस
250
_a
1
260
_b
"निखील प्रकाशन, कोल्हापूर"
260
_c
२०१४
300
_a
152
365
_b
21
999
_c
1002277
_d
1002274